[Event "CUB-ch (Women)"]
[Site "Pinar del Rio"]
[Date "2024.02.17"]
[Round "10"]
[White "Bosch Valls, Leannet Mariah"]
[Black "Obregon Garcia, Roxangel"]
[Result "1-0"]
[WhiteElo "2079"]
[BlackElo "2118"]
[PlyCount "77"]
[EventDate "2024.02.08"]
[EventType "swiss"]
[EventRounds "10"]
[EventCountry "CUB"]
[SourceTitle "CB08_2024"]
[SourceDate "2024.02.21"]
[SourceVersion "1"]
[SourceVersionDate "2024.02.21"]
[SourceQuality "1"]

1. e4 c5 2. Nf3 d6 3. d4 cxd4 4. Nxd4 Nf6 5. Nc3 a6 6. h3 e6 7. g4 Nfd7 8. a3 b5 9. Be3 Bb7 10. Qd2 Nc6 11. f4 Nxd4 12. Bxd4 e5 13. Bf2 exf4 14. Qxf4 Be7 15. h4 Ne5 16. Be2 Rc8 17. Rh3 Ng6 18. Qh2 Bf6 19. Rd1 Be5 20. Bg3 Bxg3+ 21. Qxg3 Ne5 22. Kd2 0-0 23. Kc1 Rc5 24. Qe3 Qe7 25. Qd4 Rd8 26. g5 Ng6 27. Rhd3 Nf4 28. R3d2 Re5 29. Bf3 Ne6 30. Qb6 g6 31. Rxd6 Rxd6 32. Qxd6 Qxd6 33. Rxd6 h6 34. Rb6 Nd8 35. gxh6 Kh7 36. Rd6 Ne6 37. Rd7 Bc6 38. Rxf7+ Kxh6 39. Re7 1-0

[Event "CUB-ch (Women)"]
[Site "Pinar del Rio"]
[Date "2024.02.16"]
[Round "9"]
[White "Bosch Valls, Leannet Mariah"]
[Black "Ramon Pita, Vivian"]
[Result "1-0"]
[WhiteElo "2079"]
[BlackElo "2042"]
[PlyCount "103"]
[EventDate "2024.02.08"]
[EventType "swiss"]
[EventRounds "10"]
[EventCountry "CUB"]
[SourceTitle "CB08_2024"]
[SourceDate "2024.02.21"]
[SourceVersion "1"]
[SourceVersionDate "2024.02.21"]
[SourceQuality "1"]

1. e4 c5 2. Nf3 Nc6 3. d4 cxd4 4. Nxd4 e5 5. Nb5 d6 6. N1c3 a6 7. Na3 Be7 8. Nd5 Nf6 9. Nxe7 Nxe7 10. f3 d5 11. exd5 Nfxd5 12. c4 Nb4 13. Qxd8+ Kxd8 14. Be3 Be6 15. Bb6+ Ke8 16. Kf2 f6 17. Be2 Kf7 18. Rhd1 Rac8 19. Rd2 Rhe8 20. c5 Rf8 21. Nc4 Kg8 22. Nd6 Rb8 23. Bc7 Ra8 24. Nxb7 Ned5 25. Bd6 Rf7 26. Na5 Nf4 27. Bf1 Rc8 28. a3 Nc6 29. Nxc6 Rxc6 30. b4 Rb7 31. g3 Ng6 32. f4 e4 33. f5 Bxf5 34. Bc4+ Kh8 35. Bd5 Rxd6 36. cxd6 Rd7 37. Bc6 Rd8 38. Re1 e3+ 39. Rxe3 Ne5 40. Rc3 g5 41. d7 Kg7 42. Ba4 Kf7 43. Rd6 Ke7 44. Rxa6 Bxd7 45. Ra7 Kd6 46. Bxd7 Rxd7 47. Rxd7+ Kxd7 48. b5 f5 49. h3 Kd6 50. a4 Kd5 51. b6 Nd7 52. b7 1-0

[Event "CUB-ch (Women)"]
[Site "Pinar del Rio"]
[Date "2024.02.14"]
[Round "7"]
[White "Bosch Valls, Leannet Mariah"]
[Black "Forgas Moreno, Yaniela"]
[Result "1/2-1/2"]
[WhiteElo "2079"]
[BlackElo "2265"]
[PlyCount "20"]
[EventDate "2024.02.08"]
[EventType "swiss"]
[EventRounds "10"]
[EventCountry "CUB"]
[SourceTitle "CB08_2024"]
[SourceDate "2024.02.21"]
[SourceVersion "1"]
[SourceVersionDate "2024.02.21"]
[SourceQuality "1"]

1. e4 e5 2. Nf3 Nf6 3. Nxe5 d6 4. Nf3 Nxe4 5. Qe2 Qe7 6. d3 Nf6 7. Qxe7+ Bxe7 8. Be2 Nc6 9. 0-0 0-0 10. Be3 Re8 1/2-1/2

[Event "CUB-ch U18 Girls"]
[Site "Pinar del Rio"]
[Date "2019.06.29"]
[Round "3"]
[White "Bosch Valls, Leannet Mariah"]
[Black "Alfonso Ruisanchez, Laritza"]
[Result "1/2-1/2"]
[WhiteElo "2054"]
[BlackElo "2050"]
[PlyCount "35"]
[EventDate "2019.06.28"]
[EventType "swiss"]
[EventRounds "9"]
[EventCountry "CUB"]
[SourceTitle "CBM 195 Extra"]
[Source "ChessBase"]
[SourceDate "2020.05.31"]
[SourceVersion "1"]
[SourceVersionDate "2020.05.31"]
[SourceQuality "1"]

1. e4 c5 2. Nf3 d6 3. d4 cxd4 4. Nxd4 Nf6 5. Nc3 a6 6. Bc4 e6 7. 0-0 Be7 8. f4 Qc7 9. Bb3 0-0 10. Kh1 Nc6 11. Be3 b5 12. a3 Bb7 13. f5 e5 14. Nxc6 Bxc6 15. Bg5 Kh8 16. Bxf6 Bxf6 17. Bd5 Rac8 18. Qd3 1/2-1/2

[Event "CUB-ch U18 Girls"]
[Site "Pinar del Rio"]
[Date "2019.06.28"]
[Round "1"]
[White "Bosch Valls, Leannet Mariah"]
[Black "Heredero Gascon, Elizabeth"]
[Result "1-0"]
[WhiteElo "2054"]
[BlackElo "1819"]
[PlyCount "155"]
[EventDate "2019.06.28"]
[EventType "swiss"]
[EventRounds "9"]
[EventCountry "CUB"]
[SourceTitle "CBM 195 Extra"]
[Source "ChessBase"]
[SourceDate "2020.05.31"]
[SourceVersion "1"]
[SourceVersionDate "2020.05.31"]
[SourceQuality "1"]

1. e4 e5 2. Bc4 Nf6 3. d3 Be7 4. Nf3 d6 5. 0-0 0-0 6. c3 Nc6 7. Bb3 Be6 8. Bxe6 fxe6 9. Qb3 Qc8 10. Re1 Kh8 11. d4 exd4 12. cxd4 Nd8 13. e5 Nd5 14. Nc3 Nxc3 15. bxc3 d5 16. c4 c6 17. Be3 Qd7 18. Rec1 Qe8 19. a4 Qg6 20. Nd2 Bh4 21. a5 Rc8 22. Qc2 Rf5 23. Nf1 Rc7 24. Ra2 Rcf7 25. Qd1 Rf8 26. Rb2 h6 27. Ng3 Bxg3 28. hxg3 R5f7 29. Qb3 Kg8 30. Qa2 a6 31. Qb1 Qg4 32. Qd3 Kh8 33. Rf1 Kg8 34. Bd2 Rd7 35. Be3 Rdf7 36. cxd5 exd5 37. Bd2 Qc8 38. Bb4 Re8 39. f4 Ne6 40. f5 Nc7 41. Rbf2 Kh8 42. Qd1 Kg8 43. Qh5 Nb5 44. Bc5 Nc3 45. Bb4 Ne4 46. Rf3 c5 47. dxc5 Rxe5 48. Qg6 Rf6 49. Qh5 Ng5 50. R3f2 Rexf5 51. Qg4 h5 52. Qd4 Ne4 53. Rf3 Nxg3 54. Re1 Ne4 55. Ba3 Rxf3 56. Qxd5+ Kh8 57. Qxh5+ Rh6 58. Qxf3 Nf6 59. Rd1 Qe8 60. Bc1 Rh5 61. Bb2 Rh6 62. Bd4 Qb5 63. Qf5 Qxa5 64. Qc8+ Kh7 65. Qxb7 Qa4 66. Qf3 Nd7 67. Be3 Rf6 68. Qh5+ Kg8 69. Qe8+ Kh7 70. Qxd7 Qh4 71. Qd3+ Kg8 72. Qd8+ Kh7 73. Qd3+ Kg8 74. Qb3+ Kh7 75. Qc2+ Kg8 76. Bf2 Qf4 77. Rd8+ Kf7 78. c6 1-0

[Event "Holguin (Women)"]
[Site "Holguin"]
[Date "2019.02.08"]
[Round "10"]
[White "Bosch Valls, Leannet Mariah"]
[Black "Obregon Garcia, Roxangel"]
[Result "0-1"]
[WhiteElo "2088"]
[BlackElo "2127"]
[PlyCount "60"]
[EventDate "2019.01.29"]
[EventType "tourn"]
[EventRounds "11"]
[EventCountry "CUB"]
[SourceTitle "CBM 189 Extra"]
[Source "ChessBase"]
[SourceDate "2019.06.03"]
[SourceVersion "1"]
[SourceVersionDate "2019.06.03"]
[SourceQuality "1"]

1. e4 c5 2. Nf3 Nc6 3. d4 cxd4 4. Nxd4 Nf6 5. Nc3 e5 6. Ndb5 d6 7. Bg5 a6 8. Na3 b5 9. Nd5 Be7 10. Bxf6 Bxf6 11. c3 Bg5 12. Nc2 Rb8 13. a4 0-0 14. axb5 axb5 15. h4 Bh6 16. g4 f6 17. Na3 b4 18. Nb5 bxc3 19. bxc3 Qd7 20. Ndc7 Qxg4 21. Qd5+ Kh8 22. Be2 Qg2 23. Rf1 Bb7 24. Nxd6 Nd4 25. Qa2 Nf3+ 26. Bxf3 Qxf3 27. Qc4 f5 28. Ne6 Ba6 29. Qa2 Qxc3+ 30. Kd1 Qd3+ 0-1

[Event "Holguin (Women)"]
[Site "Holguin"]
[Date "2019.02.05"]
[Round "7"]
[White "Bosch Valls, Leannet Mariah"]
[Black "Ramon Pita, Vivian"]
[Result "1-0"]
[WhiteElo "2088"]
[BlackElo "2165"]
[PlyCount "167"]
[EventDate "2019.01.29"]
[EventType "tourn"]
[EventRounds "11"]
[EventCountry "CUB"]
[SourceTitle "CBM 189 Extra"]
[Source "ChessBase"]
[SourceDate "2019.06.03"]
[SourceVersion "1"]
[SourceVersionDate "2019.06.03"]
[SourceQuality "1"]

1. e4 g6 2. d4 Bg7 3. Nc3 d6 4. Be3 a6 5. a4 b6 6. Qd2 Bb7 7. f3 Nd7 8. Bc4 e6 9. h4 h5 10. Bg5 f6 11. Bxe6 fxg5 12. hxg5 Qe7 13. Nd5 Bxd5 14. Bxd5 0-0-0 15. a5 Nb8 16. Ne2 c6 17. Bb3 b5 18. c4 bxc4 19. Bxc4 Qa7 20. 0-0-0 Ne7 21. Nf4 d5 22. Ba2 dxe4 23. Ne6 e3 24. Qd3 Nf5 25. Nxd8 Rxd8 26. Be6+ Kc7 27. Bxf5 Rxd4 28. Qb3 Qc5+ 29. Bc2 Nd7 30. Rxd4 Bxd4 31. Qa3 Qxg5 32. Qd3 Bf6 33. Kb1 Qe5 34. Qc3 Qxc3 35. bxc3 Bxc3 36. Bd3 Nc5 37. Bc4 Bxa5 38. Kc2 Bd2 39. Rh4 Be1 40. Rf4 a5 41. Rf6 a4 42. Rxg6 h4 43. Rg5 Kd6 44. f4 Bf2 45. Rg6+ Kd7 46. f5 a3 47. Rg7+ Kd6 48. f6 Nd7 49. f7 e2 50. Rg6+ Ke5 51. Bxe2 Bd4 52. Kb3 Kd5 53. Bf3+ Ke5 54. Rxc6 Kf4 55. Rd6 Nc5+ 56. Kxa3 Bg7 57. Bc6 Bf8 58. Rg6 Ne6+ 59. Kb2 Kf5 60. Be4+ Ke5 61. Bc2 Be7 62. Bb3 Nf8 63. Rg8 Kf6 64. Kc3 Bd6 65. Kd4 Ke7 66. Kd5 Bb4 67. Ke5 Be1 68. Rg4 Bg3+ 69. Kf5 Bf2 70. Re4+ Kd7 71. Re8 Bc5 72. Be6+ Kc7 73. Kf6 Bd4+ 74. Kg5 Bg7 75. Kxh4 Kd6 76. Ba2 Kd7 77. Kg5 Kd6 78. Kf5 Kd7 79. g4 Kd6 80. g5 Kd7 81. g6 Kd6 82. Be6 Kc7 83. Rxf8 Bxf8 84. Kf6 1-0

[Event "Holguin (Women)"]
[Site "Holguin"]
[Date "2019.02.01"]
[Round "4"]
[White "Fernandez Rivero, Karla July"]
[Black "Bosch Valls, Leannet Mariah"]
[Result "1/2-1/2"]
[WhiteElo "2080"]
[BlackElo "2088"]
[PlyCount "51"]
[EventDate "2019.01.29"]
[EventType "tourn"]
[EventRounds "11"]
[EventCountry "CUB"]
[SourceTitle "CBM 189 Extra"]
[Source "ChessBase"]
[SourceDate "2019.06.03"]
[SourceVersion "1"]
[SourceVersionDate "2019.06.03"]
[SourceQuality "1"]

1. d4 Nf6 2. c4 e6 3. Nf3 d5 4. g3 Be7 5. Bg2 0-0 6. 0-0 c6 7. Nbd2 b6 8. Qc2 Bb7 9. e4 c5 10. cxd5 exd5 11. e5 Nfd7 12. Rd1 cxd4 13. Nb3 Nc6 14. Qe2 d3 15. Qxd3 Ncxe5 16. Nxe5 Nxe5 17. Qf5 Bf6 18. Nd4 Qc8 19. Qh5 g6 20. Qh6 Bg7 21. Qh4 Qg4 22. Qxg4 Nxg4 23. Bf4 Ne5 24. Rac1 Rac8 25. Rxc8 Rxc8 26. Nb5 1/2-1/2

[Event "Santiago de Cuba Province-ch tt"]
[Site "Santiago de Cuba"]
[Date "2018.10.16"]
[Round "10.3"]
[White "Ruiz Bisbe, Yamir"]
[Black "Bosch Valls, Leannet Mariah"]
[Result "0-1"]
[WhiteElo "1986"]
[BlackElo "1933"]
[PlyCount "38"]
[EventDate "2018.10.09"]
[EventType "team-tourn"]
[EventRounds "10"]
[EventCountry "CUB"]
[SourceTitle "EXT 2021"]
[Source "ChessBase"]
[SourceDate "2020.10.23"]
[SourceVersion "1"]
[SourceVersionDate "2020.10.23"]
[SourceQuality "1"]

1. d4 Nf6 2. c4 c5 3. d5 e6 4. Nc3 exd5 5. cxd5 d6 6. Nf3 g6 7. h3 Bg7 8. e4 a6 9. Bd3 Nbd7 10. 0-0 Nh5 11. a4 Ne5 12. Be2 Nxf3+ 13. Bxf3 Qh4 14. Bxh5 gxh5 15. Qd2 Rg8 16. Qf4 Qe7 17. Be3 Be5 18. Qf3 Qh4 19. Kh1 Bg4 0-1

[Event "CUB Province-chT Schools 54th"]
[Site "Santa Clara"]
[Date "2018.07.16"]
[Round "7.3"]
[White "Bosch Valls, Leannet Mariah"]
[Black "Diaz Garcia, Lianet"]
[Result "0-1"]
[WhiteElo "1951"]
[BlackElo "1896"]
[PlyCount "58"]
[EventDate "2018.07.13"]
[EventType "team-swiss"]
[EventRounds "9"]
[EventCountry "CUB"]
[SourceTitle "CBM 195 Extra"]
[Source "ChessBase"]
[SourceDate "2020.05.31"]
[SourceVersion "1"]
[SourceVersionDate "2020.05.31"]
[SourceQuality "1"]
[WhiteTeam "Santiago de Cuba"]
[BlackTeam "Matanzas"]
[WhiteTeamCountry "CUB"]
[BlackTeamCountry "CUB"]

1. e4 c5 2. Nf3 g6 3. d4 cxd4 4. Qxd4 Nf6 5. e5 Nc6 6. Qa4 Nd5 7. Qe4 Ndb4 8. Bc4 d5 9. exd6 Bf5 10. Ne5 Nxe5 11. Qxe5 Nxc2+ 12. Ke2 f6 13. Qd5 e6 14. Bb5+ Kf7 15. Qxb7+ Kg8 16. Rd1 Rb8 17. Qc6 Rb6 18. Qc4 Rxd6 19. Rxd6 Qxd6 20. Be3 Nxa1 21. Nc3 Qb4 22. Qc8 Qxb2+ 23. Kf3 Qb4 24. h3 Nc2 25. Bc4 Nxe3 26. fxe3 Kf7 27. e4 Qxc3+ 28. Ke2 Qc2+ 29. Kf1 Qd1+ 0-1

[Event "CUB Province-chT Schools 54th"]
[Site "Santa Clara"]
[Date "2018.07.14"]
[Round "3.6"]
[White "Bosch Valls, Leannet Mariah"]
[Black "Garcia Fuentes, Rachel"]
[Result "1-0"]
[WhiteElo "1951"]
[BlackElo "1453"]
[PlyCount "45"]
[EventDate "2018.07.13"]
[EventType "team-swiss"]
[EventRounds "9"]
[EventCountry "CUB"]
[SourceTitle "CBM 195 Extra"]
[Source "ChessBase"]
[SourceDate "2020.05.31"]
[SourceVersion "1"]
[SourceVersionDate "2020.05.31"]
[SourceQuality "1"]
[WhiteTeam "Santiago de Cuba"]
[BlackTeam "Mayabeque"]
[WhiteTeamCountry "CUB"]
[BlackTeamCountry "CUB"]

1. e4 d6 2. d4 Nf6 3. Nc3 g6 4. f3 Bg7 5. Be3 0-0 6. Qd2 Nc6 7. g4 e5 8. d5 Ne7 9. Nge2 Nd7 10. Ng3 Nc5 11. Rg1 c6 12. Bxc5 dxc5 13. d6 Be6 14. dxe7 Qxd2+ 15. Kxd2 Bh6+ 16. Ke1 Rfe8 17. Nf5 Bxf5 18. exf5 Be3 19. Rg2 Rxe7 20. Ne4 b6 21. Rd1 Kh8 22. a4 Ree8 23. Bc4 1-0

[Event "CUB Province-chT Schools 54th"]
[Site "Santa Clara"]
[Date "2018.07.13"]
[Round "1.5"]
[White "Bosch Valls, Leannet Mariah"]
[Black "De la Fuente Ochoa, Paloma Yunaid"]
[Result "1-0"]
[WhiteElo "1951"]
[BlackElo "1807"]
[PlyCount "43"]
[EventDate "2018.07.13"]
[EventType "team-swiss"]
[EventRounds "9"]
[EventCountry "CUB"]
[SourceTitle "CBM 195 Extra"]
[Source "ChessBase"]
[SourceDate "2020.05.31"]
[SourceVersion "1"]
[SourceVersionDate "2020.05.31"]
[SourceQuality "1"]
[WhiteTeam "Santiago de Cuba"]
[BlackTeam "Las Tunas"]
[WhiteTeamCountry "CUB"]
[BlackTeamCountry "CUB"]

1. e4 e5 2. d4 exd4 3. Qxd4 Nc6 4. Qe3 Nf6 5. Nc3 Bb4 6. Bd2 0-0 7. 0-0-0 Re8 8. Qg3 Bxc3 9. Bxc3 Rxe4 10. f3 Re8 11. Bc4 d6 12. Nh3 Bf5 13. Nf4 Bg6 14. h4 Kf8 15. h5 Bf5 16. Qg5 Ne5 17. Qxf5 Nxc4 18. h6 Ne5 19. hxg7+ Kg8 20. Nd5 Kxg7 21. Qg5+ Kh8 22. Nxf6 1-0

[Event "CUB-ch U18 Girls"]
[Site "San Nicolas de Bari"]
[Date "2018.06.18"]
[Round "9"]
[White "Bosch Valls, Leannet Mariah"]
[Black "Delgado Alvarez, Edualis"]
[Result "1-0"]
[WhiteElo "1985"]
[BlackElo "1687"]
[PlyCount "77"]
[EventDate "2018.06.13"]
[EventType "swiss"]
[EventRounds "9"]
[EventCountry "CUB"]
[SourceTitle "EXT 2021"]
[Source "ChessBase"]
[SourceDate "2020.10.23"]
[SourceVersion "1"]
[SourceVersionDate "2020.10.23"]
[SourceQuality "1"]

1. e4 c5 2. Nf3 d6 3. d4 cxd4 4. Nxd4 Nf6 5. Nc3 g6 6. Be2 Bg7 7. 0-0 Nc6 8. Nb3 0-0 9. f4 Bd7 10. Be3 Rc8 11. h3 a6 12. Bf3 b5 13. a3 Qc7 14. Qe1 Be6 15. g4 Bxb3 16. cxb3 Na5 17. g5 Nd7 18. Bd1 Nb6 19. Nxb5 axb5 20. Qxa5 Rb8 21. Rf2 Qb7 22. Bf3 Nd7 23. e5 d5 24. Qd2 e6 25. h4 Rfc8 26. b4 Nb6 27. b3 Rc6 28. Be2 Nd7 29. Bd4 Qc7 30. Bd3 Qb7 31. h5 Nf8 32. Rh2 Qd7 33. a4 bxa4 34. bxa4 Rc7 35. h6 Bh8 36. b5 Rcb7 37. Qe2 Ra8 38. a5 Rbb8 39. b6 1-0

[Event "CUB-ch U18 Girls"]
[Site "San Nicolas de Bari"]
[Date "2018.06.13"]
[Round "1"]
[White "Cardosa Espino, Adria"]
[Black "Bosch Valls, Leannet Mariah"]
[Result "0-1"]
[WhiteElo "1771"]
[BlackElo "1985"]
[PlyCount "98"]
[EventDate "2018.06.13"]
[EventType "swiss"]
[EventRounds "9"]
[EventCountry "CUB"]
[SourceTitle "EXT 2021"]
[Source "ChessBase"]
[SourceDate "2020.10.23"]
[SourceVersion "1"]
[SourceVersionDate "2020.10.23"]
[SourceQuality "1"]

1. e4 e5 2. Bc4 Nf6 3. d4 exd4 4. Nf3 Nc6 5. e5 d5 6. Bb5 Ne4 7. Nxd4 Bd7 8. Bxc6 bxc6 9. 0-0 Bc5 10. f3 Ng5 11. Be3 Bb6 12. f4 Ne4 13. Nd2 Nxd2 14. Qxd2 c5 15. Nb3 c4 16. Nc5 Bf5 17. Rad1 0-0 18. c3 c6 19. Qf2 Qe7 20. Bd4 Rab8 21. h3 h5 22. Rfe1 Rfe8 23. Kh2 Bxc5 24. Bxc5 Qb7 25. Bxa7 Qxb2 26. Rd2 Qxc3 27. Bxb8 Rxb8 28. Re3 Qc1 29. g4 hxg4 30. hxg4 Be4 31. Re1 Qa3 32. Re3 c3 33. Rde2 Rb2 34. Rxb2 Qxb2 35. Re2 c2 36. Qg1 c1Q 37. Rxb2 Qxb2+ 38. Kh3 Qc3+ 39. Qg3 Qxg3+ 40. Kxg3 d4 41. Kf2 d3 42. a4 c5 43. Ke3 c4 44. Kd2 Kf8 45. a5 Bb7 46. f5 Ke7 47. Kc3 Kd7 48. g5 Be4 49. a6 Bxf5 0-1

[Event "Capablanca Memorial op 53rd"]
[Site "Havana"]
[Date "2018.05.16"]
[Round "7"]
[White "Bosch Valls, Leannet Mariah"]
[Black "Garcia Matos, Maury"]
[Result "1-0"]
[WhiteElo "1933"]
[BlackElo "1741"]
[PlyCount "69"]
[EventDate "2018.05.09"]
[EventType "swiss"]
[EventRounds "10"]
[EventCountry "CUB"]
[SourceTitle "EXT 2021"]
[Source "ChessBase"]
[SourceDate "2020.10.23"]
[SourceVersion "1"]
[SourceVersionDate "2020.10.23"]
[SourceQuality "1"]

1. e4 c6 2. d4 d5 3. exd5 cxd5 4. c4 Nf6 5. Nc3 Nc6 6. Bg5 e6 7. Nf3 Be7 8. a3 0-0 9. Bd3 dxc4 10. Bxc4 b6 11. 0-0 Bb7 12. Re1 Rc8 13. Bb3 Na5 14. Bc2 Nd5 15. Ne4 Bxg5 16. Nexg5 h6 17. Qd3 Nf6 18. Nh7 Re8 19. Nxf6+ Qxf6 20. Qh7+ Kf8 21. Ne5 Red8 22. Rad1 Nc6 23. Be4 Ke7 24. Bf3 Ba8 25. Ng4 Qg5 26. d5 h5 27. h4 Qf4 28. Qxh5 Rh8 29. Qg5+ Qxg5 30. hxg5 Na5 31. d6+ Kd8 32. d7 Rc4 33. Ne5 Bxf3 34. gxf3 Rf4 35. g6 1-0

[Event "Moncada Cup-E"]
[Site "Santiago de Cuba"]
[Date "2018.03.25"]
[Round "8"]
[White "Robles Cordero, David Rafael"]
[Black "Bosch Valls, Leannet Mariah"]
[Result "1-0"]
[WhiteElo "1968"]
[BlackElo "2039"]
[PlyCount "43"]
[EventDate "2018.03.20"]
[EventType "tourn"]
[EventRounds "10"]
[EventCountry "CUB"]
[SourceTitle "EXT 2021"]
[Source "ChessBase"]
[SourceDate "2020.10.23"]
[SourceVersion "1"]
[SourceVersionDate "2020.10.23"]
[SourceQuality "1"]

1. e4 e6 2. d4 d5 3. Nd2 c5 4. exd5 Qxd5 5. Ngf3 cxd4 6. Bc4 Qd8 7. 0-0 Nf6 8. Nb3 Be7 9. Nbxd4 0-0 10. Re1 Qc7 11. Qe2 a6 12. Bxe6 Bb4 13. c3 Bxc3 14. bxc3 fxe6 15. Nxe6 Bxe6 16. Qxe6+ Kh8 17. Ba3 Rc8 18. Ne5 Nc6 19. Bd6 Nd8 20. Ng6+ hxg6 21. Qh3+ Kg8 22. Bxc7 1-0

[Event "Moncada Cup-E"]
[Site "Santiago de Cuba"]
[Date "2018.03.22"]
[Round "3"]
[White "Bosch Valls, Leannet Mariah"]
[Black "Robles Cordero, David Rafael"]
[Result "1/2-1/2"]
[WhiteElo "2039"]
[BlackElo "1968"]
[PlyCount "82"]
[EventDate "2018.03.20"]
[EventType "tourn"]
[EventRounds "10"]
[EventCountry "CUB"]
[SourceTitle "EXT 2021"]
[Source "ChessBase"]
[SourceDate "2020.10.23"]
[SourceVersion "1"]
[SourceVersionDate "2020.10.23"]
[SourceQuality "1"]

1. d4 Nf6 2. Nf3 e6 3. e3 d5 4. Bd3 Nbd7 5. 0-0 Bd6 6. b3 c5 7. Bb2 Qc7 8. Nbd2 b6 9. e4 dxe4 10. Nxe4 Be7 11. dxc5 Nxc5 12. Bb5+ Bd7 13. Be5 Qc8 14. Bxd7+ Qxd7 15. Nd6+ Bxd6 16. Qxd6 Qxd6 17. Bxd6 Nce4 18. Be5 Rc8 19. c4 Ke7 20. Rad1 Rhd8 21. h3 g6 22. Rfe1 Nc5 23. Nd4 Ncd7 24. Bf4 Kf8 25. Nb5 a6 26. Na7 Ra8 27. Nc6 Rdc8 28. Bh6+ Ke8 29. Ne5 Nxe5 30. Rxe5 Rd8 31. Ree1 Rd7 32. Bg5 Rxd1 33. Rxd1 Nd7 34. Be3 Rd8 35. Rd6 Rb8 36. f4 Kd8 37. b4 Kc7 38. c5 a5 39. a3 axb4 40. axb4 bxc5 41. bxc5 Rb5 1/2-1/2

[Event "Moncada Cup-E"]
[Site "Santiago de Cuba"]
[Date "2018.03.22"]
[Round "4"]
[White "Suarez Aguilera, Omar Eduardo"]
[Black "Bosch Valls, Leannet Mariah"]
[Result "0-1"]
[WhiteElo "2051"]
[BlackElo "2039"]
[PlyCount "147"]
[EventDate "2018.03.20"]
[EventType "tourn"]
[EventRounds "10"]
[EventCountry "CUB"]
[SourceTitle "EXT 2021"]
[Source "ChessBase"]
[SourceDate "2020.10.23"]
[SourceVersion "1"]
[SourceVersionDate "2020.10.23"]
[SourceQuality "1"]

1. d4 e6 2. Nf3 d5 3. c4 c5 4. cxd5 exd5 5. Nc3 Nc6 6. g3 h6 7. Bg2 Nf6 8. 0-0 c4 9. Ne5 Be6 10. Nxc4 dxc4 11. d5 Nxd5 12. Nxd5 Qd7 13. Bf4 Rc8 14. e4 Be7 15. Qa4 Nd4 16. Qxd7+ Bxd7 17. Nxe7 Kxe7 18. Be5 Ne6 19. Rad1 f6 20. Bd6+ Kf7 21. f4 Bb5 22. Rf2 Bc6 23. Rfd2 Rhd8 24. h4 b5 25. f5 Nf8 26. g4 Re8 27. Re1 g5 28. hxg5 hxg5 29. e5 fxe5 30. Rxe5 Bxg2 31. Kxg2 Rxe5 32. Bxe5 b4 33. Kf3 c3 34. bxc3 bxc3 35. Rc2 Nd7 36. Bd4 Rc4 37. Ke3 Nf6 38. Kd3 Rc7 39. Bxf6 Kxf6 40. Rxc3 Rh7 41. Ke4 Re7+ 42. Kf3 Rh7 43. Rc6+ Ke5 44. Re6+ Kd5 45. Kg3 Rc7 46. Kf3 Rc3+ 47. Re3 Rc4 48. Ra3 Rc7 49. Ra5+ Kd6 50. Ra6+ Ke5 51. Re6+ Kd5 52. a4 Rc3+ 53. Re3 Rc4 54. Ra3 a5 55. Kg3 Ke5 56. Re3+ Kf6 57. Re6+ Kf7 58. Rg6 Rxa4 59. Rxg5 Ra1 60. Rg6 a4 61. Ra6 a3 62. Kf4 a2 63. Kg5 Ke7 64. f6+ Kf7 65. Ra7+ Ke6 66. Kg6 Rg1 67. Ra6+ Ke5 68. Rxa2 Rxg4+ 69. Kf7 Rg1 70. Re2+ Kd6 71. Kf8 Kd7 72. f7 Ra1 73. Re4 Ra7 74. Rg4 0-1

[Event "Moncada Cup-E"]
[Site "Santiago de Cuba"]
[Date "2018.03.20"]
[Round "1"]
[White "Bosch Valls, Leannet Mariah"]
[Black "Armesto Casali, Alejandro"]
[Result "1-0"]
[WhiteElo "2039"]
[BlackElo "2083"]
[PlyCount "95"]
[EventDate "2018.03.20"]
[EventType "tourn"]
[EventRounds "10"]
[EventCountry "CUB"]
[SourceTitle "EXT 2021"]
[Source "ChessBase"]
[SourceDate "2020.10.23"]
[SourceVersion "1"]
[SourceVersionDate "2020.10.23"]
[SourceQuality "1"]

1. e4 c5 2. Nf3 e6 3. d4 cxd4 4. Nxd4 Nc6 5. Nc3 Qc7 6. Be2 a6 7. 0-0 b5 8. a3 Bb7 9. Nb3 Nf6 10. f4 d6 11. Bf3 Be7 12. Qe1 0-0 13. Kh1 Rfe8 14. Be3 Rac8 15. Qg3 Nd7 16. Rae1 Nb6 17. Bg4 Nc4 18. Bc1 N6a5 19. f5 Bf8 20. fxe6 fxe6 21. Nd4 Rb8 22. Nxe6 Qb6 23. Qf4 h6 24. Nxf8 Rxf8 25. Be6+ Kh7 26. Qg3 Ne5 27. Bf4 Nac4 28. Nd5 Bxd5 29. exd5 Ng6 30. b3 Nce5 31. Bxe5 Nxe5 32. h3 Qd4 33. Rd1 Qe4 34. Qc3 Kh8 35. Qb4 Qe2 36. Rg1 Rbd8 37. Qd2 Qh5 38. Rde1 Rf6 39. Qe2 Qh4 40. Rgf1 Rdf8 41. Rxf6 Qxf6 42. Kg1 Qf4 43. Rf1 Qd4+ 44. Kh1 Rf4 45. c3 Rxf1+ 46. Qxf1 Qd3 47. Qf8+ Kh7 48. Bf5+ 1-0